[Event "Oberliga Nord W 2122"]
[Site "Germany"]
[Date "2021.12.12"]
[Round "4.2"]
[White "Lichmann, Peter"]
[Black "Bertholee, Rob"]
[Result "1-0"]
[WhiteElo "2333"]
[BlackElo "2317"]
[PlyCount "99"]
[EventDate "2021.10.10"]
[EventType "team-tourn"]
[EventRounds "9"]
[EventCountry "GER"]
[SourceTitle "EXT 2023"]
[Source "ChessBase"]
[SourceDate "2022.10.05"]
[SourceVersion "1"]
[SourceVersionDate "2022.10.05"]
[SourceQuality "1"]
[WhiteTeam "Werder Bremen III"]
[BlackTeam "Nordhorn Blanke"]
[WhiteTeamCountry "GER"]
[BlackTeamCountry "GER"]

1. f4 d5 2. Nf3 Bg4 3. e3 Nd7 4. Be2 e6 5. 0-0 Bd6 6. b3 Ngf6 7. Bb2 0-0 8. Ne5 Bxe2 9. Qxe2 c6 10. d3 Qc7 11. Nxd7 Nxd7 12. Qg4 e5 13. f5 f6 14. e4 Bc5+ 15. Kh1 Be3 16. Nc3 d4 17. Ne2 a5 18. Bc1 Bxc1 19. Raxc1 a4 20. Qh5 axb3 21. axb3 Ra2 22. g4 Qa5 23. Rfd1 Qc5 24. Rg1 Qb4 25. Rg2 Qd2 26. Rcg1 Qg5 27. h4 Qe3 28. Ng3 Rfa8 29. g5 Ra1 30. Nf1 Qf4 31. gxf6 Nxf6 32. Rxg7+ Kh8 33. Qg5 Qxg5 34. R7xg5 R8a2 35. Nd2 Rxg1+ 36. Kxg1 Nd7 37. Nc4 Rxc2 38. h5 h6 39. Rg6 Nf8 40. Rxh6+ Kg7 41. Rd6 Rc3 42. Nxe5 Rxb3 43. h6+ Kg8 44. Rd8 Rb1+ 45. Kg2 Rb2+ 46. Kg3 Rd2 47. Ng6 Rxd3+ 48. Kg4 Re3 49. Rxf8+ Kh7 50. Rh8# 1-0

[Event "Oberliga Nord W 1920"]
[Site "Germany"]
[Date "2019.12.08"]
[Round "4.3"]
[White "Meessen, Max"]
[Black "Bertholee, Rob"]
[Result "0-1"]
[WhiteElo "2221"]
[BlackElo "2302"]
[PlyCount "128"]
[EventDate "2019.09.29"]
[EventType "team-tourn"]
[EventRounds "9"]
[EventCountry "GER"]
[SourceTitle "CBM 195 Extra"]
[Source "ChessBase"]
[SourceDate "2020.05.31"]
[SourceVersion "1"]
[SourceVersionDate "2020.05.31"]
[SourceQuality "1"]

1. d4 e6 2. e4 d5 3. exd5 exd5 4. Nf3 Nf6 5. Bd3 Bd6 6. Qe2+ Qe7 7. Qxe7+ Kxe7 8. 0-0 Re8 9. Nc3 c6 10. Bg5 h6 11. Rae1+ Be6 12. Bh4 Nbd7 13. Ne5 g5 14. Nxd7 Kxd7 15. Bg3 Nh5 16. Bxd6 Kxd6 17. Ne2 Re7 18. Ng3 Nf4 19. Bf5 Rae8 20. c3 h5 21. Bxe6 Rxe6 22. Rxe6+ fxe6 23. Re1 h4 24. Nf5+ Kd7 25. Ne3 Nd3 26. Rd1 Nxb2 27. Rb1 Na4 28. Rxb7+ Kd6 29. c4 dxc4 30. Nxc4+ Kd5 31. Ne3+ Ke4 32. Rxa7 Nc3 33. Rg7 Ne2+ 34. Kh1 h3 35. Rxg5 Rb8 36. Rg4+ Kd3 37. gxh3 Nxd4 38. h4 c5 39. h5 Rh8 40. Rg5 c4 41. Rc5 c3 42. Kg2 c2 43. Nxc2 Nxc2 44. a4 Ne1+ 45. Kg3 Rg8+ 46. Kf4 Kd4 47. Rg5 Nd3+ 48. Kg4 Ne5+ 49. Kf4 Nd3+ 50. Kg4 Nxf2+ 51. Kh4 Rh8 52. a5 Ne4 53. Rg6 Ke5 54. Rg1 Nf6 55. Rg5+ Kf4 56. a6 Rh7 57. Ra5 e5 58. Kh3 Rh6 59. Kg2 Rh8 60. a7 Ra8 61. h3 Nd7 62. Kf2 e4 63. h4 Ne5 64. h6 Ng4+ 0-1

[Event "Oberliga Nord W 1920"]
[Site "Germany"]
[Date "2019.11.24"]
[Round "3.5"]
[White "Bertholee, Rob"]
[Black "Zaja, Ivan"]
[Result "1/2-1/2"]
[WhiteElo "2305"]
[BlackElo "2461"]
[PlyCount "84"]
[EventDate "2019.09.29"]
[EventType "team-tourn"]
[EventRounds "9"]
[EventCountry "GER"]
[SourceTitle "CBM 195 Extra"]
[Source "ChessBase"]
[SourceDate "2020.05.31"]
[SourceVersion "1"]
[SourceVersionDate "2020.05.31"]
[SourceQuality "1"]

1. e4 c5 2. Nc3 e6 3. Nf3 Nc6 4. Bb5 Nge7 5. 0-0 g6 6. d4 cxd4 7. Nxd4 Bg7 8. Nde2 0-0 9. Be3 d5 10. exd5 exd5 11. Bc5 Re8 12. Qd2 d4 13. Ne4 Nf5 14. N2g3 Nxg3 15. Nxg3 Qd5 16. b4 Rd8 17. Rfe1 Be6 18. Ne4 Bf5 19. Qf4 b6 20. Bxc6 Qxc6 21. Be7 Rd7 22. b5 Qxb5 23. Nf6+ Kh8 24. Qh4 h6 25. Nxd7 Qxd7 26. Bf6 Kh7 27. Rad1 g5 28. Qxd4 Qxd4 29. Bxd4 Bxc2 30. Rc1 Bxd4 31. Rxc2 Bc5 32. Rd1 a5 33. Kf1 a4 34. Rd7 Kg6 35. Rcd2 Ra5 36. Rb2 a3 37. Rb3 Ra4 38. f3 h5 39. Ke2 Rc4 40. Rbd3 Rc1 41. Rd1 Rc2+ 42. R7d2 Rc3 1/2-1/2

[Event "Oberliga Nord W 1819"]
[Site "Germany"]
[Date "2018.11.25"]
[Round "3.3"]
[White "Bertholee, Rob"]
[Black "Szeberenyi, Adam"]
[Result "0-1"]
[WhiteElo "2334"]
[BlackElo "2378"]
[PlyCount "100"]
[EventDate "2018.10.21"]
[EventType "team-tourn"]
[EventRounds "9"]
[EventCountry "GER"]
[SourceTitle "EXT 2020"]
[Source "ChessBase"]
[SourceDate "2019.10.17"]
[SourceVersion "1"]
[SourceVersionDate "2019.10.17"]
[SourceQuality "1"]
[WhiteTeam "Nordhorn Blanke"]
[BlackTeam "Tostedt"]
[WhiteTeamCountry "GER"]
[BlackTeamCountry "GER"]

1. e4 c5 2. Nc3 Nc6 3. Bb5 Nd4 4. Bc4 e6 5. Nf3 Ne7 6. Nxd4 cxd4 7. Nb5 Nc6 8. c3 Be7 9. Nxd4 Nxd4 10. cxd4 d5 11. exd5 exd5 12. Bb5+ Bd7 13. Qa4 a6 14. Bxd7+ Qxd7 15. Qxd7+ Kxd7 16. d3 Rac8 17. Kd1 Rc6 18. Re1 Bf6 19. Be3 Rhc8 20. Re2 b5 21. a3 h5 22. h3 g6 23. Rc1 Rxc1+ 24. Bxc1 Bxd4 25. Bg5 Re8 26. Be3 Bxe3 27. fxe3 Kd6 28. Kd2 d4 29. e4 Ke5 30. Rf2 f6 31. h4 Rg8 32. Ke2 f5 33. exf5 gxf5 34. Kf3 f4 35. Re2+ Kf5 36. Kf2 Rg3 37. Re8 Rxd3 38. Rg8 Rb3 39. Rg5+ Ke4 40. Rxh5 Rxb2+ 41. Kf1 d3 42. Ke1 Rxg2 43. Rh6 f3 44. Re6+ Kf5 45. Rd6 Re2+ 46. Kf1 d2 47. Rd5+ Kf4 48. Rd4+ Ke3 49. Re4+ Kxe4 50. h5 d1Q# 0-1

[Event "Oberliga Nord W 1718"]
[Site "Germany"]
[Date "2017.11.12"]
[Round "3.2"]
[White "Bertholee, Rob"]
[Black "Steffens, Olaf"]
[Result "1-0"]
[WhiteElo "2332"]
[BlackElo "2260"]
[PlyCount "77"]
[EventDate "2017.10.08"]
[EventType "team-tourn"]
[EventRounds "9"]
[EventCountry "GER"]
[SourceTitle "EXT 2019"]
[Source "ChessBase"]
[SourceDate "2018.10.10"]
[SourceVersion "1"]
[SourceVersionDate "2018.10.10"]
[SourceQuality "1"]
[WhiteTeam "Nordhorn Blanke"]
[BlackTeam "Werder Bremen III"]
[WhiteTeamCountry "GER"]
[BlackTeamCountry "GER"]

1. e4 a6 2. c3 b5 3. a4 Bb7 4. f3 e6 5. axb5 f5 6. exf5 Nh6 7. fxe6 Nf5 8. Nh3 Bd6 9. e7 Bxe7 10. bxa6 Nxa6 11. d4 Bh4+ 12. g3 Nc5 13. Rxa8 Qxa8 14. Be2 Nxg3 15. hxg3 Bxg3+ 16. Kf1 0-0 17. Kg2 Ne4 18. Nd2 Bh4 19. Nxe4 Bxe4 20. Bg5 Bxg5 21. Nxg5 Bf5 22. Bd3 h6 23. Bxf5 Rxf5 24. Ne4 Qa6 25. Ng3 Rg5 26. f4 Qb7+ 27. Qf3 Qxb2+ 28. Qf2 Qb7+ 29. Kh2 Rg4 30. Re1 Qc6 31. Re8+ Kf7 32. Qe3 Qf6 33. Rc8 Qc6 34. Qe8+ Kf6 35. Qe5+ Kf7 36. Qf5+ Ke7 37. Qf8+ Ke6 38. Re8+ Kd5 39. Qf7+ 1-0

[Event "Delft Prinsenstad op 9th"]
[Site "Delft"]
[Date "2016.03.27"]
[Round "5"]
[White "De Jong, Migchiel"]
[Black "Bertholee, Rob"]
[Result "1-0"]
[WhiteElo "2336"]
[BlackElo "2337"]
[PlyCount "81"]
[EventDate "2016.03.25"]
[EventType "swiss"]
[EventRounds "6"]
[EventCountry "NED"]
[SourceTitle "CBM 171 Extra"]
[Source "ChessBase"]
[SourceDate "2016.04.26"]
[SourceVersion "1"]
[SourceVersionDate "2016.04.26"]
[SourceQuality "1"]

1. e4 e6 2. d4 d5 3. Nc3 Nf6 4. Bg5 dxe4 5. Nxe4 Nbd7 6. Nf3 Be7 7. Nxf6+ Bxf6 8. h4 c5 9. dxc5 Qa5+ 10. c3 Qxc5 11. Bd3 b5 12. Be3 Qd5 13. Qe2 a6 14. a4 bxa4 15. Rxa4 Rb8 16. 0-0 Qb3 17. Rc4 0-0 18. Bc1 Bb7 19. Ng5 g6 20. Rb4 Qd5 21. Be4 Qe5 22. Nxh7 Kxh7 23. Bf4 Qxf4 24. Bxg6+ Kxg6 25. Rxf4 Ne5 26. h5+ Kg5 27. Qe3 Rg8 28. Re4+ Kxh5 29. Rxe5+ Bxe5 30. Qxe5+ Kg6 31. Rd1 Bd5 32. Rd3 f5 33. c4 Bxc4 34. Rg3+ Kh5 35. Rxg8 Rxg8 36. Qh2+ Kg6 37. Qg3+ Kf7 38. Qc7+ Kf6 39. Qxc4 Rxg2+ 40. Kxg2 a5 41. f4 1-0

[Event "Oberliga Nord W 1516"]
[Site "Germany"]
[Date "2015.09.20"]
[Round "1.3"]
[White "Mueer, Sebastian"]
[Black "Bertholee, Rob"]
[Result "0-1"]
[WhiteElo "2197"]
[BlackElo "2340"]
[PlyCount "62"]
[EventDate "2015.09.20"]
[EventType "team-tourn"]
[EventRounds "9"]
[EventCountry "GER"]
[SourceTitle "CBM 170 Extra"]
[Source "ChessBase"]
[SourceDate "2016.02.25"]
[SourceVersion "1"]
[SourceVersionDate "2016.02.25"]
[SourceQuality "1"]
[WhiteTeam "Oldenburg Union"]
[BlackTeam "Nordhorn Blanke"]
[WhiteTeamCountry "GER"]
[BlackTeamCountry "GER"]

1. e4 c5 2. Nf3 e6 3. d4 cxd4 4. Nxd4 Nf6 5. Nc3 d6 6. Be3 a6 7. f3 b5 8. Qd2 Nbd7 9. g4 Nb6 10. a4 b4 11. Na2 a5 12. g5 Nfd7 13. c3 bxc3 14. Nxc3 Bb7 15. Bb5 Be7 16. h4 0-0 17. h5 Ne5 18. b3 d5 19. Bf4 Ned7 20. g6 e5 21. Nf5 exf4 22. h6 fxg6 23. hxg7 Rxf5 24. exf5 Bb4 25. fxg6 Qf6 26. gxh7+ Kxg7 27. Rc1 Kh8 28. Bxd7 Nxd7 29. Rg1 d4 30. Qg2 Bd5 31. Qh3 Qe6+ 0-1

[Event "Oberliga Nord W 1415"]
[Site "Germany"]
[Date "2015.01.18"]
[Round "5.3"]
[White "Korsus, Bernd"]
[Black "Bertholee, Rob"]
[Result "1-0"]
[WhiteElo "2287"]
[BlackElo "2344"]
[PlyCount "71"]
[EventDate "2014.09.22"]
[EventType "team-tourn"]
[EventRounds "9"]
[EventCountry "GER"]
[SourceTitle "EXT 2016"]
[Source "ChessBase"]
[SourceDate "2015.10.08"]
[SourceVersion "1"]
[SourceVersionDate "2015.10.08"]
[SourceQuality "1"]
[WhiteTeam "Delmenhorst"]
[BlackTeam "Nordhorn Blanke"]
[WhiteTeamCountry "GER"]
[BlackTeamCountry "GER"]

1. d4 Nf6 2. Nf3 e6 3. Bg5 c5 4. e3 d5 5. Nbd2 Qb6 6. Bxf6 gxf6 7. c4 cxd4 8. Nxd4 Nc6 9. cxd5 Nxd4 10. Qa4+ Nc6 11. dxc6 bxc6 12. 0-0-0 Rb8 13. Nc4 Qc5 14. a3 Bh6 15. b4 Qe7 16. Qxc6+ Bd7 17. Qc7 Rc8 18. Nd6+ Qxd6 19. Qxc8+ Ke7 20. Qxh8 Qe5 21. Rxd7+ Kxd7 22. Bb5+ Kc7 23. Qxh7 f5 24. Qxf7+ Kb6 25. Qd7 Qa1+ 26. Kd2 Qb2+ 27. Ke1 Qc1+ 28. Ke2 Qc2+ 29. Qd2 Qe4 30. Rc1 Qxg2 31. Qd6+ Kxb5 32. Qd7+ Kb6 33. Qc7+ Ka6 34. Qa5+ Kb7 35. Rc7+ Kb8 36. Qxa7# 1-0

[Event "NED-chT 1314"]
[Site "Netherlands"]
[Date "2014.05.10"]
[Round "9.4"]
[White "Erwich, Frank"]
[Black "Bertholee, Rob"]
[Result "1-0"]
[WhiteElo "2337"]
[BlackElo "2347"]
[PlyCount "85"]
[EventDate "2013.09.21"]
[EventType "team-tourn"]
[EventRounds "9"]
[EventCountry "NED"]
[SourceTitle "EXT 2015"]
[Source "ChessBase"]
[SourceDate "2014.11.20"]
[SourceVersion "1"]
[SourceVersionDate "2014.11.20"]
[SourceQuality "1"]
[WhiteTeam "BSG"]
[BlackTeam "ESG Max Euwe"]
[WhiteTeamCountry "NED"]
[BlackTeamCountry "NED"]

1. c4 c5 2. Nc3 Nc6 3. Nf3 g6 4. e3 Nf6 5. d4 cxd4 6. exd4 d5 7. cxd5 Nxd5 8. Qb3 Nxc3 9. Bc4 e6 10. bxc3 Na5 11. Bb5+ Bd7 12. Qa4 Nc6 13. d5 exd5 14. 0-0 Be7 15. Bh6 Qa5 16. Rfe1 Qxa4 17. Bxa4 Be6 18. Nd4 0-0-0 19. Nxe6 fxe6 20. Rxe6 Kd7 21. Rae1 Rhe8 22. Bb3 Bf6 23. Rxe8 Rxe8 24. Rxe8 Kxe8 25. Bxd5 Bxc3 26. Kf1 Bf6 27. Be3 a6 28. Ke2 Kd7 29. Kf3 b5 30. Ke4 Ne7 31. Bb3 a5 32. g4 h5 33. gxh5 gxh5 34. f4 Kd6 35. Bf7 h4 36. Be8 b4 37. Bb6 a4 38. Bxa4 Nd5 39. Ba5 Kc5 40. Bb3 Nc3+ 41. Kf5 Be7 42. Ke6 Bd6 43. Bxb4+ 1-0

[Event "NED-chT 1314"]
[Site "Netherlands"]
[Date "2014.04.12"]
[Round "8.2"]
[White "Bertholee, Rob"]
[Black "Nikolic, Predrag"]
[Result "0-1"]
[WhiteElo "2347"]
[BlackElo "2619"]
[PlyCount "52"]
[EventDate "2013.09.21"]
[EventType "team-tourn"]
[EventRounds "9"]
[EventCountry "NED"]
[SourceTitle "EXT 2015"]
[Source "ChessBase"]
[SourceDate "2014.11.20"]
[SourceVersion "1"]
[SourceVersionDate "2014.11.20"]
[SourceQuality "1"]
[WhiteTeam "ESG Max Euwe"]
[BlackTeam "Leiden LSG"]
[WhiteTeamCountry "NED"]
[BlackTeamCountry "NED"]

1. e4 e5 2. Nf3 Nc6 3. Nc3 Nf6 4. Bb5 Bb4 5. 0-0 0-0 6. d3 Bxc3 7. bxc3 d6 8. Re1 Bd7 9. d4 Ne7 10. dxe5 dxe5 11. Bc4 Ng6 12. Ba3 Re8 13. Qb1 Be6 14. Bf1 Bg4 15. Re3 Qc8 16. Qe1 h6 17. Nd2 b6 18. Nc4 Be6 19. Rf3 Qa6 20. Rxf6 gxf6 21. Qe3 Bxc4 22. Bxc4 Qxc4 23. Qxh6 Qxc3 24. Qg7+ Kxg7 25. Bf8+ Rxf8 26. Re1 Qxe1# 0-1

[Event "NED-chT 1213"]
[Site "Netherlands"]
[Date "2013.04.06"]
[Round "8.1"]
[White "Bertholee, Rob"]
[Black "Ikonnikov, Vyacheslav"]
[Result "0-1"]
[WhiteElo "2349"]
[BlackElo "2525"]
[PlyCount "140"]
[EventDate "2012.09.15"]
[EventType "team-tourn"]
[EventRounds "9"]
[EventCountry "NED"]
[SourceTitle "EXT 2014"]
[Source "ChessBase"]
[SourceDate "2013.11.20"]
[SourceVersion "1"]
[SourceVersionDate "2013.11.20"]
[SourceQuality "1"]
[WhiteTeam "Kennemer Combinatie"]
[BlackTeam "En Passant"]
[WhiteTeamCountry "NED"]
[BlackTeamCountry "NED"]

1. e4 c5 2. Nc3 Nc6 3. Bb5 Nd4 4. Bc4 e6 5. Nf3 a6 6. Nxd4 cxd4 7. Ne2 Nf6 8. d3 Bc5 9. c3 d5 10. exd5 exd5 11. Bb3 dxc3 12. bxc3 h6 13. 0-0 0-0 14. d4 Bd6 15. Qd3 Bd7 16. a4 Qc7 17. Ng3 b5 18. Re1 bxa4 19. Bxa4 Bxa4 20. Rxa4 Qc6 21. Ra5 Qb6 22. Ra4 Bxg3 23. hxg3 Rfc8 24. Bd2 Ne4 25. Rb1 Qe6 26. Rba1 Rc6 27. Ra5 Rb6 28. Be1 Qc6 29. g4 Nd6 30. Rc5 Qb7 31. f3 Rb5 32. Rxb5 Qxb5 33. Qxb5 Nxb5 34. Ra5 Kf8 35. Kf1 Ke7 36. Ke2 Ke6 37. Kd3 Nd6 38. Ra2 a5 39. Bd2 a4 40. Bc1 Nc4 41. Kc2 Kd7 42. Kb1 Kc6 43. Re2 Rb8+ 44. Ka1 Rb3 45. Rc2 Kb5 46. Ka2 Na5 47. Bb2 Kc4 48. Re2 Kd3 49. Re7 Nc4 50. Ba1 g6 51. f4 f5 52. gxf5 gxf5 53. g3 h5 54. Ra7 Rb6 55. Rxa4 Rg6 56. Kb3 Rxg3 57. Ra2 h4 58. Rh2 h3 59. Kb4 Ne3 60. Rh1 Ng4 61. c4 h2 62. cxd5 Rg1 63. Rxh2 Nxh2 64. d6 Rxa1 65. d7 Ra8 66. Kc5 Ng4 67. Kb4 Kxd4 68. d8R+ Rxd8 69. Ka4 Kc5 70. Ka5 Ra8# 0-1

[Event "Budapest FS07 GM"]
[Site "Budapest"]
[Date "2009.07.11"]
[Round "8"]
[White "Farago, Ivan"]
[Black "Bertholee, Rob"]
[Result "1-0"]
[WhiteElo "2511"]
[BlackElo "2368"]
[PlyCount "85"]
[EventDate "2009.07.04"]
[EventType "tourn"]
[EventRounds "11"]
[EventCountry "HUN"]
[EventCategory "8"]
[SourceTitle "CBM 131 Extra"]
[Source "ChessBase"]
[SourceDate "2009.09.03"]
[SourceVersion "2"]
[SourceVersionDate "2009.09.16"]
[SourceQuality "1"]

1. d4 Nf6 2. c4 a6 3. Nc3 c5 4. dxc5 Qa5 5. e4 e5 6. Qa4 Qxc5 7. Be3 Qb4 8. 0-0-0 Nc6 9. Qxb4 Bxb4 10. Nd5 Nxd5 11. cxd5 Nd8 12. Nf3 d6 13. a3 Ba5 14. Nd2 b5 15. b4 Bc7 16. Kb2 f5 17. Rc1 Kd7 18. g3 g6 19. Bh3 Rf8 20. Rc2 Bb7 21. g4 f4 22. g5+ Ke8 23. Rxc7 fxe3 24. Bd7+ Kf7 25. fxe3 Kg8 26. Rf1 Rb8 27. Rxf8+ Kxf8 28. h4 Ba8 29. Bh3 Kg8 30. Nb3 Nb7 31. Be6+ Kh8 32. Bc8 Kg8 33. Kc3 Kh8 34. Na5 Nd8 35. Bxa6 Kg8 36. Bxb5 Nf7 37. Bd7 Bxd5 38. exd5 Rb6 39. Be6 Rc6+ 40. Nxc6 e4 41. Rxf7 Kh8 42. Rf8+ Kg7 43. Rg8# 1-0

[Event "Budapest FS07 GM"]
[Site "Budapest"]
[Date "2009.07.07"]
[Round "4"]
[White "Bertholee, Rob"]
[Black "Varga, Zoltan"]
[Result "0-1"]
[WhiteElo "2368"]
[BlackElo "2473"]
[PlyCount "61"]
[EventDate "2009.07.04"]
[EventType "tourn"]
[EventRounds "11"]
[EventCountry "HUN"]
[EventCategory "8"]
[SourceTitle "CBM 131 Extra"]
[Source "ChessBase"]
[SourceDate "2009.09.03"]
[SourceVersion "2"]
[SourceVersionDate "2009.09.16"]
[SourceQuality "1"]

1. e4 d5 2. Nc3 d4 3. Nce2 e5 4. c3 c5 5. Ng3 Bd6 6. Bc4 Nf6 7. d3 Nc6 8. Nf3 0-0 9. Nh4 Bg4 10. Qd2 Be6 11. Nhf5 dxc3 12. bxc3 Bxc4 13. dxc4 Be7 14. Nxe7+ Qxe7 15. Nf5 Qe6 16. Qg5 Ne8 17. h4 Qxc4 18. Rh3 Qxe4+ 19. Re3 f6 20. Qh5 Qxg2 21. Rg3 Qh1+ 22. Ke2 Rd8 23. Bb2 Qe4+ 24. Kf1 Rd2 25. Bc1 Qh1+ 26. Rg1 Qh3+ 27. Rg2 g6 28. Kg1 Ng7 29. Nh6+ Kh8 30. Rxg6 Nxh5 31. Nf7+ 0-1

[Event "Budapest FS07 GM"]
[Site "Budapest"]
[Date "2009.07.05"]
[Round "2"]
[White "Bertholee, Rob"]
[Black "Ilincic, Zlatko"]
[Result "0-1"]
[WhiteElo "2368"]
[BlackElo "2479"]
[PlyCount "102"]
[EventDate "2009.07.04"]
[EventType "tourn"]
[EventRounds "11"]
[EventCountry "HUN"]
[EventCategory "8"]
[SourceTitle "CBM 131 Extra"]
[Source "ChessBase"]
[SourceDate "2009.09.03"]
[SourceVersion "2"]
[SourceVersionDate "2009.09.16"]
[SourceQuality "1"]

1. e4 c5 2. Nc3 d6 3. Nge2 Nf6 4. d4 cxd4 5. Nxd4 a6 6. a4 e5 7. Nf3 h6 8. Bc4 Be6 9. Qe2 Nbd7 10. 0-0 Rc8 11. Bxe6 fxe6 12. Nh4 Kf7 13. g3 Be7 14. f4 exf4 15. gxf4 Qb6+ 16. Kh1 Rxc3 17. bxc3 Qc6 18. f5 e5 19. Ba3 Rc8 20. Rg1 Qxe4+ 21. Qxe4 Nxe4 22. Ng6 Bf6 23. Rab1 b6 24. a5 b5 25. Bb4 Rc6 26. Rg2 Bg5 27. Rd1 Kf6 28. h4 Bf4 29. Nxf4 exf4 30. Bxd6 f3 31. Be7+ Kxf5 32. Rxd7 fxg2+ 33. Kxg2 Rxc3 34. Ra7 Rxc2+ 35. Kf3 Rc3+ 36. Ke2 Rc6 37. Bf8 g5 38. hxg5 hxg5 39. Rb7 Re6 40. Kd3 g4 41. Rb6 Nf2+ 42. Kd4 g3 43. Rxe6 Kxe6 44. Ke3 Kd5 45. Kf3 Ne4 46. Bb4 Kc4 47. Be1 b4 48. Kxe4 b3 49. Ke3 b2 50. Kd2 b1Q 51. Ke2 Qd3# 0-1

[Event "NED-chT 0405"]
[Site "Netherlands"]
[Date "2005.02.26"]
[Round "7.1"]
[White "Bertholee, Rob"]
[Black "Janssen, Ruud"]
[Result "0-1"]
[WhiteElo "2381"]
[BlackElo "2482"]
[PlyCount "174"]
[EventDate "2004.09.18"]
[EventType "team-tourn"]
[EventRounds "9"]
[EventCountry "NED"]
[SourceTitle "EXT 2014"]
[Source "ChessBase"]
[SourceDate "2013.11.20"]
[SourceVersion "1"]
[SourceVersionDate "2013.11.20"]
[SourceQuality "1"]
[WhiteTeam "Amstelveen"]
[BlackTeam "Utrecht"]
[WhiteTeamCountry "NED"]
[BlackTeamCountry "NED"]

1. e4 e5 2. Nf3 Nc6 3. c3 Nf6 4. d4 exd4 5. e5 Nd5 6. cxd4 d6 7. Bb5 Be7 8. Nc3 Nxc3 9. bxc3 0-0 10. 0-0 Bf5 11. Re1 a6 12. Ba4 d5 13. Bxc6 bxc6 14. Qa4 c5 15. Ba3 c4 16. Bxe7 Qxe7 17. Qc6 Rfd8 18. Re2 a5 19. Qc5 Qxc5 20. dxc5 Bd3 21. Rd2 Re8 22. Re1 Rab8 23. h3 a4 24. Nd4 a3 25. Nc6 Rb2 26. Red1 Bc2 27. Re1 Bd3 28. Red1 Re6 29. Nb4 Rxe5 30. Nxd3 cxd3 31. Rxd3 Rxa2 32. c4 d4 33. Rxd4 g6 34. R1d3 Rxc5 35. Rd8+ Kg7 36. Ra8 Rxc4 37. Raxa3 Rc1+ 38. Kh2 Rxf2 39. Rac3 Rcc2 40. Rxc2 Rxc2 41. Kg3 h5 42. h4 Rc4 43. Rf3 Rc5 44. Re3 Kf6 45. Re8 Rf5 46. Re1 c5 47. Re8 Rd5 48. Kf3 Rf5+ 49. Kg3 Re5 50. Rc8 Ke6 51. Kf4 Kd7 52. Ra8 Re2 53. Kf3 Re7 54. Ra6 Kc8 55. Rc6+ Rc7 56. Rf6 c4 57. Ke2 c3 58. Kd1 Kd8 59. Kc2 Ke7 60. Rf4 Ke6 61. g3 f6 62. Ra4 Rc5 63. Ra3 Rc4 64. Ra1 Ke5 65. Rf1 f5 66. Rf3 f4 67. gxf4+ Rxf4 68. Rh3 Rc4 69. Rh1 Kf5 70. Rh2 Kg4 71. Rg2+ Kxh4 72. Rxg6 Kh3 73. Rg1 h4 74. Rg8 Kh2 75. Rg7 h3 76. Rg8 Kh1 77. Rg7 h2 78. Rg8 Rf4 79. Kxc3 Rf1 80. Kd3 Rg1 81. Re8 Kg2 82. Rg8+ Kf3 83. Rf8+ Kg4 84. Rg8+ Kf5 85. Rg2 Rxg2 86. Ke3 h1Q 87. Kf3 Qh3# 0-1

[Event "Corus 4-A"]
[Site "Wijk aan Zee"]
[Date "2005.??.??"]
[Round "8"]
[White "Afek, Yochanan"]
[Black "Bertholee, Rob"]
[Result "1-0"]
[WhiteElo "2320"]
[BlackElo "2355"]
[PlyCount "81"]
[EventDate "2005.01.15"]
[EventType "tourn"]
[EventRounds "9"]
[EventCountry "NED"]
[EventCategory "1"]
[SourceTitle "EXT 2007"]
[Source "ChessBase"]
[SourceDate "2006.11.23"]
[SourceVersion "1"]
[SourceVersionDate "2006.11.23"]
[SourceQuality "1"]

1. e4 c5 2. c3 d5 3. exd5 Qxd5 4. d4 Nf6 5. Be3 cxd4 6. cxd4 e6 7. Nf3 Nc6 8. Nc3 Qd6 9. Bd3 Be7 10. 0-0 0-0 11. Rc1 Rd8 12. Bb1 Bd7 13. a3 Be8 14. Qd3 g6 15. Rfd1 Rac8 16. b4 a6 17. Bg5 Na7 18. Ne5 Nb5 19. Nxb5 Bxb5 20. Qf3 Rxc1 21. Rxc1 Qxd4 22. Re1 Kg7 23. Ba2 Be8 24. h3 Qb2 25. Bxe6 h6 26. Bc1 Qd4 27. Qxb7 Ng8 28. Ba2 Qc3 29. Nf3 Bc6 30. Qc7 Bf6 31. Qxf7+ Kh8 32. Bd2 Qb2 33. Bf4 Bxf3 34. gxf3 Qc3 35. Re3 Qa1+ 36. Kg2 Bd4 37. Rd3 Nf6 38. Be5 Qg1+ 39. Kxg1 Bxf2+ 40. Kxf2 Rd4 41. Qg8# 1-0

[Event "Corus 4-A"]
[Site "Wijk aan Zee"]
[Date "2005.??.??"]
[Round "9"]
[White "Bertholee, Rob"]
[Black "De Jong, Jan Willem"]
[Result "1/2-1/2"]
[WhiteElo "2355"]
[BlackElo "2335"]
[PlyCount "122"]
[EventDate "2005.01.15"]
[EventType "tourn"]
[EventRounds "9"]
[EventCountry "NED"]
[EventCategory "1"]
[SourceTitle "EXT 2007"]
[Source "ChessBase"]
[SourceDate "2006.11.23"]
[SourceVersion "1"]
[SourceVersionDate "2006.11.23"]
[SourceQuality "1"]

1. c4 Nf6 2. Nf3 g6 3. Nc3 Bg7 4. e4 d6 5. d4 0-0 6. Be2 e5 7. 0-0 Na6 8. Qc2 c6 9. Rd1 Qe8 10. d5 c5 11. a3 Nh5 12. Re1 Qe7 13. Rb1 Nf4 14. Bf1 h5 15. b4 h4 16. g3 hxg3 17. hxg3 Nh5 18. Nh4 Bf6 19. Ng2 Kg7 20. Be2 Rh8 21. Ne3 Bg5 22. Qd1 Bf4 23. gxf4 Qh4 24. Bxh5 Rxh5 25. Qf3 exf4 26. Nf5+ Bxf5 27. exf5 Qh2+ 28. Kf1 Qh1+ 29. Ke2 Re8+ 30. Be3 Qxf3+ 31. Kxf3 fxe3 32. f6+ Kxf6 33. Ne4+ Rxe4 34. Kxe4 exf2 35. Rf1 Rh4+ 36. Kd3 Rh3+ 37. Ke2 Rxa3 38. b5 Ra2+ 39. Ke3 Nb4 40. Rxf2+ Rxf2 41. Kxf2 Nd3+ 42. Kg3 Ke5 43. Ra1 a6 44. Rxa6 Nb2 45. Rb6 Nxc4 46. Rxb7 f6 47. Rg7 g5 48. Re7+ Kxd5 49. Kg4 Nb6 50. Kf5 Kc4 51. Re1 d5 52. Kxf6 d4 53. Rc1+ Kd5 54. Kxg5 d3 55. Kf4 Kd4 56. Kf3 d2 57. Ra1 c4 58. Ke2 c3 59. Ra2 Kc4 60. Rxd2 cxd2 61. Kxd2 Kxb5 1/2-1/2

[Event "Corus 4-A"]
[Site "Wijk aan Zee"]
[Date "2005.??.??"]
[Round "5"]
[White "Bertholee, Rob"]
[Black "Tan, Kevin"]
[Result "1-0"]
[WhiteElo "2355"]
[BlackElo "2240"]
[PlyCount "99"]
[EventDate "2005.01.15"]
[EventType "tourn"]
[EventRounds "9"]
[EventCountry "NED"]
[EventCategory "1"]
[SourceTitle "EXT 2007"]
[Source "ChessBase"]
[SourceDate "2006.11.23"]
[SourceVersion "1"]
[SourceVersionDate "2006.11.23"]
[SourceQuality "1"]

1. e4 c5 2. Nf3 d6 3. d4 cxd4 4. Nxd4 Nf6 5. Nc3 g6 6. Be3 Bg7 7. f3 Nc6 8. Qd2 Bd7 9. 0-0-0 Rc8 10. Kb1 Ne5 11. h4 h5 12. Bg5 0-0 13. Be2 Nc4 14. Bxc4 Rxc4 15. Qd3 Rc8 16. Rhe1 Re8 17. Qe3 Nh7 18. Bh6 Rxc3 19. bxc3 Bh8 20. f4 Nf6 21. f5 Ng4 22. Qd2 Qa5 23. fxg6 fxg6 24. Qg5 Qb6+ 25. Nb3 Kh7 26. e5 Nxh6 27. exd6 e5 28. Re4 Nf7 29. Qd2 Re6 30. Rb4 Qxd6 31. Rxb7 Qxd2 32. Rxd2 Be8 33. Rxa7 Kh6 34. Nc5 Rc6 35. Ne4 Rc8 36. Rf2 Rc4 37. Ng5 Nxg5 38. hxg5+ Kxg5 39. Ra8 Bc6 40. Rxh8 Rg4 41. Re2 Bxg2 42. Rxe5+ Kh4 43. Kb2 g5 44. Rg8 Bf3 45. c4 Rg1 46. c5 g4 47. Rg6 g3 48. c6 g2 49. c7 Bb7 50. Reg5 1-0